Writing and reporting news: a coaching method. / (Record no. 9092)
[ view plain ]
| 000 -LEADER | |
|---|---|
| fixed length control field | 01554nam a22002537a 4500 |
| 003 - CONTROL NUMBER IDENTIFIER | |
| control field | OSt |
| 005 - DATE AND TIME OF LATEST TRANSACTION | |
| control field | 20220726125137.0 |
| 008 - FIXED-LENGTH DATA ELEMENTS--GENERAL INFORMATION | |
| fixed length control field | 190924b xxu||||| |||| 00| 0 eng d |
| 010 ## - LIBRARY OF CONGRESS CONTROL NUMBER | |
| LC control number | 99012602 |
| 020 ## - INTERNATIONAL STANDARD BOOK NUMBER | |
| International Standard Book Number | 0534559808 |
| 040 ## - CATALOGING SOURCE | |
| Transcribing agency | LC |
| 050 ## - LIBRARY OF CONGRESS CALL NUMBER | |
| Classification number | PN4781.R42 |
| 100 ## - MAIN ENTRY--PERSONAL NAME | |
| Personal name | Rich, Carole. |
| 245 ## - TITLE STATEMENT | |
| Title | Writing and reporting news: a coaching method. / |
| Statement of responsibility, etc. | Carole Rich. |
| 250 ## - EDITION STATEMENT | |
| Edition statement | 3rd ed. |
| 260 ## - PUBLICATION, DISTRIBUTION, ETC. | |
| Place of publication, distribution, etc. | Belmont: |
| Name of publisher, distributor, etc. | Wadsworth Cengage Learning, |
| Date of publication, distribution, etc. | 1999. |
| 300 ## - PHYSICAL DESCRIPTION | |
| Extent | xxi, 581 p. : |
| Other physical details | ill. ; |
| Dimensions | 26 cm. |
| 500 ## - GENERAL NOTE | |
| General note | Includes appendix and index. |
| 505 ## - FORMATTED CONTENTS NOTE | |
| Formatted contents note | Contents: Understanding news: Write from the start: a coaching method -- Changing concepts of news -- The basic news story -- Grammar and usage -- Story ideas -- Collecting information: Curiosity and observation -- Sources of information -- Listening and note-taking skills -- Interviewing techniques -- Constructing stories: The writing process -- Leads and nut graphs -- Body building -- Story structures -- Storytelling and feature techniques -- Public relations writing -- Broadcast writing -- Understanding media issues: Accuracy and libel -- Media ethics -- Multicultural sensitivity -- Applying the techniques: Beat reporting -- Obituaries -- Speeches, press conferences and meetings -- Government and statistical stories -- Crime and punishment -- Disasters, weather and tragedies -- Profiles -- Computer-assisted journalism -- Media jobs and internships -- |
| 650 ## - SUBJECT ADDED ENTRY--TOPICAL TERM | |
| Form subdivision | Reporters and reporting |
| 650 ## - SUBJECT ADDED ENTRY--TOPICAL TERM | |
| Form subdivision | Journalism - Authorship |
| 650 ## - SUBJECT ADDED ENTRY--TOPICAL TERM | |
| Form subdivision | Report writing |
| 942 ## - ADDED ENTRY ELEMENTS (KOHA) | |
| Source of classification or shelving scheme | Library of Congress Classification |
| Koha item type | Books |
| Withdrawn status | Lost status | Source of classification or shelving scheme | Damaged status | Not for loan | Home library | Current library | Shelving location | Date acquired | Full call number | Barcode | Date last seen | Price effective from | Koha item type |
|---|---|---|---|---|---|---|---|---|---|---|---|---|---|
| Library of Congress Classification | WISCONSIN INTERNATIONAL UNIVERSITY COLLEGE, GHANA KUMASI LIBRARY | WISCONSIN INTERNATIONAL UNIVERSITY COLLEGE, GHANA KUMASI LIBRARY | General Stacks | 12/07/2022 | PN4781.R42(3e) | K/2889/0023/22 | 26/07/2022 | 26/07/2022 | Books |
